000 00571nam a22001817a 4500
005 20251108171136.0
008 250721s1986 xx 000 0 ara d
082 1 4 _a243/سيو
100 1 _aالسيوطي، جلال الدين عبد الرحمن
245 1 0 _aبشرى الكئيب بلقاء الحبيب /
264 1 _aالقاهرة :
_bمكتبة القرآن،
_c1986.
300 _a80ص
650 1 7 _aالموت
650 1 7 _aالحياة الآخرة
700 1 _aإبراهيم، مجدي السيد
_eتحقيق
942 _2ddc
_cBK
999 _c57669
_d57669